| 000 | 00370nam a2200145 a 4500 | ||
|---|---|---|---|
| 005 | 20140412111232.0 | ||
| 008 | 110407s19uu xx 00 eng d | ||
| 020 | _a81-7301-159-1 | ||
| 050 |
_aM 220 _bS11 1988 |
||
| 245 | _aJesus the great healer. | ||
| 260 |
_aIndia : _bDreamland pub. |
||
| 300 | _a24p. | ||
| 440 | _afamous stories from the bible | ||
| 999 |
_c102227 _d102227 |
||